[Event "Patron CC-ch"]
[Site "Greece"]
[Date "2008.01.07"]
[Round "7"]
[White "Iliopoulos, Konstantinos"]
[Black "Pahaki, Hristina Despoina"]
[Result "0-1"]
[WhiteElo "1045"]
[BlackElo "1265"]
[PlyCount "30"]
[EventDate "2008.01.02"]
[EventType "swiss"]
[EventRounds "7"]
[EventCountry "GRE"]
[SourceTitle "EXT 2010"]
[Source "ChessBase"]
[SourceDate "2010.11.25"]
[SourceVersion "1"]
[SourceVersionDate "2010.11.25"]
[SourceQuality "1"]

1. e4 e5 2. Nf3 Nc6 3. Bc4 Bc5 4. c3 Nf6 5. d4 exd4 6. cxd4 Bb4+ 7. Nc3 Bxc3+ 8. bxc3 Nxe4 9. Qe2 0-0 10. Qd3 d5 11. Bb3 Bf5 12. Ng5 Re8 13. Nxe4 Bxe4 14. Qg3 Bxg2+ 15. Be3 Bxh1 0-1

[Event "Patron CC-ch"]
[Site "Greece"]
[Date "2008.01.06"]
[Round "6"]
[White "Deligiannis, Paraskevas"]
[Black "Iliopoulos, Konstantinos"]
[Result "1-0"]
[WhiteElo "1578"]
[BlackElo "1045"]
[PlyCount "61"]
[EventDate "2008.01.02"]
[EventType "swiss"]
[EventRounds "7"]
[EventCountry "GRE"]
[SourceTitle "EXT 2010"]
[Source "ChessBase"]
[SourceDate "2010.11.25"]
[SourceVersion "1"]
[SourceVersionDate "2010.11.25"]
[SourceQuality "1"]

1. e4 c6 2. d4 d5 3. Nc3 dxe4 4. Nxe4 Bf5 5. Ng3 Bg6 6. h4 h6 7. h5 Bh7 8. Nf3 Nd7 9. Bd3 Bxd3 10. Qxd3 e6 11. Bd2 Ngf6 12. 0-0-0 Bd6 13. Ne4 Nxe4 14. Qxe4 Nf6 15. Qe2 Qc7 16. g3 0-0-0 17. Qe1 Qe7 18. Ba5 Rd7 19. Rd3 Nd5 20. a3 Bc7 21. Bxc7 Rxc7 22. Ne5 c5 23. Kb1 cxd4 24. Rxd4 Qc5 25. Rc4 Qxc4 26. Nxc4 Rxc4 27. Qe2 Rc6 28. Rd1 g6 29. hxg6 fxg6 30. Qg4 Ne7 31. Qd4 1-0